00000000nam##2200000za#4500
0019.680985
003CaOODSP
00520200330065503
007ta
008150407|1999||||xxc|||||     f|0| 0 fre|d
020 |a0-662-84247-2
040 |aCaOODSP|bfre
043 |an-cn---
0861 |aA42-81/1999F
1101 |aCanada. |bAgriculture et agroalimentaire Canada. |bDirection générale de la recherche.
24510|aAnalyses sur les risques associés aux unités thermiques disponibles pour la production de maïs et de soya au Québec / |cpar Andrew Bootsma, Gilles Tremblay et Pierre Filion. Publié par le Centre de recherches de l'Est sur les céréales et oléagineux.
260 |aOttawa - Ontario : |bAgriculture et Agroalimentaire Canada. |c1999.
300 |a132p. : |bgraphiques, cartes, références, tableaux ; |c28 cm.
500 |a«Nos résultats devraient fournir un outil pour la prise de décisions relatives à la sélection des hybrides de maïs et de variétés de soya qui sont les mieux adaptés à chaque région. L'information sur les niveaux de risques our de probabilité d'accumulation des UTM par zone permettra d'évaluer plus facilement la probabilité qu'auront des hybrides de maïs connus à atteindre une maturité physiologique acceptable avant la gelée meurtriére.»--Résumé.
5203 |aNos résultats devraient fournir un outil pour la prise de décisions relatives à la sélection des hybrides de maïs et de variétés de soya qui sont les mieux adaptés à chaque région. L'information sur les niveaux de risques our de probabilité d'accumulation des UTM par zone permettra d'évaluer plus facilement la probabilité qu'auront des hybrides de maïs connus à atteindre une maturité physiologique acceptable avant la gelée meurtriére.--Résumé
563 |aReliure à spirale
590 |a00-04|b2000-01-28
69107|aMaïs|2gcpds
69107|aClimat|2gcpds
69107|aIndustrie agro-alimentaire|2gcpds
7201 |aBootsma, Andrew
7201 |aTremblay, Gilles
7201 |aFilion, Pierre
77508|tRisk analyses of heat units available for corn and soybean production in Quebec / |w(CaOODSP)9.647569
986 |aBulletin technique n° 991396-F